Evaluación del comportamiento de un circuito de la CNFL en torno a la incorporación de vehículos eléctricos con enfoque en la demanda de energía
Salvato in:
| Autore principale: | |
|---|---|
| Altri autori: | |
| Natura: | Libro |
| Lingua: | Spanish |
| Pubblicazione: |
[San José, Costa Rica]
2021
|
| Soggetti: | |
| Accesso online: | https://cedi.ucr.ac.cr/electrica/evaluacion-del-comportamiento-de-un-circuito-de-la-cnfl-en-torno-a-la-incorporacion-de-vehiculos-electricos-con-enfoque-en-la-demanda-de-energia/ |
| Tags: |
Aggiungi Tag
Nessun Tag, puoi essere il primo ad aggiungerne!!
|
MARC
| LEADER | 00000nam a2200000Ia 4500 | ||
|---|---|---|---|
| 003 | 013301 | ||
| 005 | 20230614114009.0 | ||
| 008 | 140114s2021 cr a 000 ||spa d | ||
| 040 | |c cru CEDI | ||
| 100 | |a Bonilla Umaña, Jorge, 1988- |9 351 | ||
| 245 | |a Evaluación del comportamiento de un circuito de la CNFL en torno a la incorporación de vehículos eléctricos con enfoque en la demanda de energía | ||
| 260 | |a [San José, Costa Rica] |c 2021 | ||
| 500 | |a Tesis (licenciatura en ingeniería eléctrica)--Universidad de Costa Rica. Facultad de Ingeniería. Escuela de Ingeniería Eléctrica | ||
| 501 | |a Director de Tesis de Graduación: Ing. Raúl Fernández Vásquez | ||
| 610 | |x Compañía Nacional de Fuerza y Luz (Costa Rica) | ||
| 650 | |x CIRCUITOS ELECTRICOS - EVALUACION - COSTA RICA |x ELECTRICIDAD EN EL TRANSPORTE |x DEMANDA DE ENERGIA ELECTRICA |x VEHICULOS ELECTRICOS | ||
| 700 | |a Fernández Vásquez, Raúl Gerardo, 1984- |d Director del TFG |9 350 | ||
| 856 | |u https://cedi.ucr.ac.cr/electrica/evaluacion-del-comportamiento-de-un-circuito-de-la-cnfl-en-torno-a-la-incorporacion-de-vehiculos-electricos-con-enfoque-en-la-demanda-de-energia/ |y https://cedi.ucr.ac.cr/electrica/evaluacion-del-comportamiento-de-un-circuito-de-la-cnfl-en-torno-a-la-incorporacion-de-vehiculos-electricos-con-enfoque-en-la-demanda-de-energia/ | ||
| 942 | |c CEDI |h TFG 8452 |2 ddc |6 TFG_8452_000000000000000 | ||
| 999 | |c 12853 |d 12853 | ||
